Céu Aberto (Registo nº 200103)

Detalhes MARC
000 -Etiqueta do registo
Valores 00794nam 22002413 4500
100 ## - Dados gerais de processamento
Dados gerais 20260122d u||y0pory50 ba
101 ## - Língua de publicação
Língua Português
102 ## - País de publicação
País Portugal
200 ## - Titulo e menção de responsabilidade
Título próprio Céu Aberto
Primeira menção de responsabilidade Virgínia de Castro e Almeida
Outras menções de responsabilidade Ilustração de A. Duarte de Almeida
205 ## - Menção da edição
Edição 11ª
210 ## - Publicação
Local de publicação Lisboa
Nome do editor Livraria Clássica Editora
Data de publicação 1977 (imp.)
215 ## - Descrição física 
Paginação / Volumes 322, [4] p. : il.
Outras indicações físicas Encadernado
Dimensões 19 cm
225 ## - Colecção 
Título próprio da colecção Os Melhores Livros Juvenis
Indicação de volume 3
300 ## - Notas gerais 
Texto da nota Aventura juvenil
606 ## - Nome comum usado como assunto
ID Autoridade 51
Palavra de ordem Literatura Juvenil Portuguesa
675 ## - CDU
Notação 821.134.3-311.3-93/ALM/CEU
Edição PT
Língua por
700 ## - Autor principal (pessoa individual)
ID Autoridade 2401
Apelido Almeida
Nome Virgínia de Castro e
Datas 1878-1945
702 ## - Autor secundário (pessoa individual)
ID Autoridade 15914
Apelido Almeida
Nome A. Duarte de
801 ## - Fonte de origem
País PT
Agência BMMN
Regras de catalogação RPC
830 ## - Notas gerais do catalogador
Criado por Carlos Pinto
Data de criação 22-01-2026
Indexado por Carlos Pinto
990 ## - Elementos KOHA
Tipo de documento Livro
Exemplares
Situação do levantamento Biblioteca de origem Código de barras Cota Permissão de empréstimo Tipo de documento Forma de aquisição
  Biblioteca Escolar nº 2 29180 821.134.3-311.3-93/ALM/CEU   Livro Oferta

Powered by Koha